000 01114nam0a22002411 4500
001 rc\614132
005 20031121163916.4
035 _a(NLR Aleph) 005857455
090 _a5843002
_c5843002
100 _a20031121d1986 u |0rusy50 ca
101 0 _arus
102 _aRU
105 _aa |||||||||
200 1 _aАвтоматизированный синтез конструкций аппаратуры передачи и обработки информации
_eУчеб. пособие
_fМ-во пром-сти средств связи, М-во связи, Ин-т повышения квалификации руководящих работников и специалистов, Ленингр. электротехн. ин-т связи им. М.А. Бонч-Бруевича
210 _aМ.
_cБ. и.
_d1986
215 _a54, [3] с.
_cил.
_d22
320 _aБиблиогр.: с. 56 (12 назв.)
700 1 _aЧигаров
_bЕ. К.
_gЕвгений Константинович
801 0 _aRU
_bNLR
_gpsbo
801 1 _aRU
_bELAR
_2rusmarc
852 _aNLR
_j87-6/423
942 _cBOOK
980 _aNB